Statistics for Alla lag i fotbolls-EM 2016

Click here to take the quiz!

General Stats

  • This quiz has been taken 36 times
  • The average score is 19 of 24

Answer Stats

GruppLag% Correct
EItalien
100%
DSpanien
100%
ESverige
100%
EBelgien
97%
AFrankrike
97%
FPortugal
97%
BEngland
93%
CPolen
93%
CTyskland
93%
EIrland
90%
DKroatien
90%
BRyssland
86%
FIsland
79%
FÖsterrike
79%
ASchweiz
79%
CUkraina
79%
DTjeckien
76%
BSlovakien
72%
FUngern
69%
BWales
62%
DTurkiet
59%
AAlbanien
55%
ARumänien
52%
CNordirland
34%

Score Distribution

Percentile by Number Answered

Percent of People with Each Score

Your Score History

You have not taken this quiz